000 01558nam a2200373 i 4500
001 991061597625206706
003 ES-BaIT
005 20260130114945.0
008 260130q17901800xx |||||| 000 d|spa|c
040 _aES-BaIT
_bcat
_erda
_cES-BaIT
080 _a860-2"17"
100 1 _aCastro, José Julián de
_eautor
_9162712
245 1 0 _aEntremes Los indianos de hilo negro /
_cde don Josef Julian de Castro
246 3 _aLos Indianos de hilo negro
264 1 _a[Lloc de publicació no identificat] :
_b[editor no identificat],
_c[entre 1790 i 1800?]
300 _a15 pàgines ;
_c8º (16 cm)
336 _atext
_btxt
_2rdacontent
337 _asense mediació
_bn
_2rdamedia
338 _avolum
_bnc
_2rdacarrier
500 _aTítol obtingut de l'epígraf
500 _aData aproximada deduïda de l'edició de la Librería de Quiroga de 1793, ja que la impressió és la mateixa, però aquesta sense el colofó amb les dades d'edició
500 _a30 lín. i reclams
500 _aP8: D3, H5
533 _aReproducció digital disponible a Biblioescènic
593 _bVIT-083/02.
_cRelligat en volum factici.
_gExemplar digitalitzat per Crossland.
_hArtur Sedó
650 4 _aEntremesos
_yS. XVIII
_9162695
730 0 _aCol·lecció digital Biblioescènic del MAE
856 4 1 _zAccés lliure (Biblioescènic)
_3Exemplar VIT-083/02
_uhttps://books.cdmae.cat/visorpdf/?recurs=SV0083-02
902 _aPatrimoni
908 _aCDMAE
940 _aCDMAE
942 _2udc
_cDIGITAL
999 _c136968
_d136968